| 000 | 01148nam a2200277 4500 | ||
|---|---|---|---|
| 001 | 114269 | ||
| 003 | DR-UNIBE | ||
| 005 | 20251210100201.0 | ||
| 008 | 251203b2025 dr ||||| |||| 00| 1 spa d | ||
| 020 | _a9789945950908 | ||
| 040 |
_aBIBLIOTECA UNIBE _bspa _cBIBLIOTECA UNIBE _erda |
||
| 041 | _aspa | ||
| 090 | _aFBIU - EAN CI SA113S | ||
| 100 |
_aSabaris, Arlene _9152659 _eautor |
||
| 245 | 1 | 3 |
_aEl secreto de la mecedora / _cArlene Sabaris ; ilustraciones y portada: Michell Ricardo ; edición y actividades: Lauristely Peña Solano |
| 250 | _aPrimera edición | ||
| 260 |
_aSanto Domingo : _bEditorial Anticanon, _c 2025 |
||
| 300 |
_a42 páginas : _bilustraciones a color ; _c21 x 13 cm |
||
| 500 | _aComentario de la obra y datos del autor en la contraportada, incluye actividades alusivas al cuento a lo largo de la misma | ||
| 653 | 7 | _aCuentos infantiles dominicanos | |
| 653 | 7 | _a Literatura infantil dominicana | |
| 653 | 7 | _aAbuelos - Cuentos infantiles dominicanos | |
| 700 | 1 | 0 |
_aRicardo, Michelle _9152655 _eilustrador _eportada |
| 700 | 1 | 0 |
_aPeña Solano, Lauristely, _d1989- _9152656 _eeditor _eactividades |
| 942 |
_2ddc _cBK |
||
| 999 |
_c114269 _d114269 |
||